[Event "DEM U10 2023"]
[Site "Willingen GER"]
[Date "2023.05.29"]
[Round "4"]
[White "Retzlaff, Nick"]
[Black "Chua, Daniel James"]
[Result "0-1"]
[Termination "normal"]
[Board "7"]
[WhiteElo "1523"]
[BlackElo "1433"]
[WhiteClock "00:58:32"]
[BlackClock "00:19:16"]
[PlyCount "40"]
[WhiteFideId "34610367"]
[BlackFideId "34608354"]
[EventCountry "GER"]
[EventRounds "11"]
[EventType "swiss"]
[EventDate "2023.05.27"]

1. e4 {[%clk 01:15:57]} {[%emt 00:00:03]} e5 {[%clk 01:15:55]} {[%emt
00:00:06]} 2. Nf3 {[%clk 01:16:22]} {[%emt 00:00:05]} Nc6 {[%clk 01:16:21]}
{[%emt 00:00:04]} 3. Bb5 {[%clk 01:16:46]} {[%emt 00:00:06]} Nge7 {[%clk
01:15:51]} {[%emt 00:00:59]} 4. O-O {[%clk 01:17:02]} {[%emt 00:00:14]} d6
{[%clk 01:16:19]} {[%emt 00:00:02]} 5. c3 {[%clk 01:17:21]} {[%emt 00:00:11]}
Bd7 {[%clk 01:16:23]} {[%emt 00:00:26]} 6. d4 {[%clk 01:17:23]} {[%emt
00:00:28]} Ng6 {[%clk 01:16:31]} {[%emt 00:00:21]} 7. Bc4 {[%clk 01:14:20]}
{[%emt 00:03:34]} Be7 {[%clk 00:54:07]} {[%emt 00:22:54]} 8. dxe5 {[%emt
00:02:52]} Ngxe5 {[%clk 00:52:17]} {[%emt 00:00:28]} 9. Nxe5 {[%clk 01:14:06]}
{[%emt 00:00:14]} Nxe5 {[%clk 00:50:37]} {[%emt 00:02:10]} 10. Be2 {[%clk
01:13:06]} {[%emt 00:01:30]} O-O {[%clk 00:43:35]} {[%emt 00:07:33]} 11. f4
{[%clk 01:12:32]} {[%emt 00:01:04]} Ng6 {[%clk 00:42:53]} {[%emt 00:01:12]} 12.
Nd2 {[%clk 01:10:17]} {[%emt 00:02:44]} f5 {[%clk 00:42:13]} {[%emt 00:01:10]}
13. Qb3+ {[%clk 01:09:37]} {[%emt 00:01:10]} Kh8 {[%clk 00:41:47]} {[%emt
00:00:56]} 14. Qxb7 {[%clk 01:08:23]} {[%emt 00:01:44]} fxe4 {[%clk 00:38:47]}
{[%emt 00:03:30]} 15. Nxe4 {[%clk 01:08:33]} {[%emt 00:00:21]} c6 {[%clk
00:36:12]} {[%emt 00:03:05]} 16. g3 {[%clk 01:04:03]} {[%emt 00:05:00]} d5
{[%clk 00:35:41]} {[%emt 00:01:02]} 17. Rd1 {[%clk 01:03:20]} {[%emt 00:01:11]}
Rf7 {[%clk 00:25:19]} {[%emt 00:10:52]} 18. Nd2 {[%clk 00:59:52]} {[%emt
00:03:58]} Bc5+ {[%clk 00:23:52]} {[%emt 00:01:57]} 19. Kh1 {[%clk 00:59:53]}
{[%emt 00:00:29]} a5 {[%clk 00:20:37]} {[%emt 00:03:46]} 20. a4 {[%clk
00:58:32]} {[%emt 00:01:51]} Qe8 {[%clk 00:19:16]} {[%emt 00:01:49]} 0-1

[Event "DEM U10 2023"]
[Site "Willingen GER"]
[Date "2023.05.29"]
[Round "4"]
[White "Lange, Fynn Jeremy"]
[Black "Andersen, Jonathan"]
[Result "0-1"]
[Termination "normal"]
[Board "8"]
[WhiteElo "1616"]
[BlackElo "1494"]
[WhiteClock "00:12:01"]
[BlackClock "01:14:20"]
[PlyCount "86"]
[WhiteFideId "34616365"]
[BlackFideId "34623884"]
[EventCountry "GER"]
[EventRounds "11"]
[EventType "swiss"]
[EventDate "2023.05.27"]

1. c4 {[%clk 01:15:44]} {[%emt 00:00:16]} e5 {[%clk 01:15:57]} {[%emt
00:00:03]} 2. g3 {[%clk 01:16:05]} {[%emt 00:00:08]} Nc6 {[%clk 01:16:18]}
{[%emt 00:00:09]} 3. Bg2 {[%clk 01:16:17]} {[%emt 00:00:19]} f5 {[%clk
01:16:36]} {[%emt 00:00:12]} 4. Nc3 {[%clk 01:15:08]} {[%emt 00:01:39]} Nf6
{[%clk 01:16:57]} {[%emt 00:00:08]} 5. d3 {[%clk 01:14:06]} {[%emt 00:01:32]}
Bb4 {[%clk 01:17:20]} {[%emt 00:00:08]} 6. Bg5 {[%clk 01:11:08]} {[%emt
00:03:27]} O-O {[%clk 01:17:41]} {[%emt 00:00:10]} 7. e3 {[%clk 01:10:10]}
{[%emt 00:01:27]} d6 {[%clk 01:17:47]} {[%emt 00:00:24]} 8. Nge2 {[%clk
01:09:06]} {[%emt 00:01:34]} Qe8 {[%clk 01:17:52]} {[%emt 00:00:26]} 9. O-O
{[%clk 01:08:45]} {[%emt 00:00:50]} Bxc3 {[%clk 01:18:19]} {[%emt 00:00:04]}
10. Nxc3 {[%clk 01:08:03]} {[%emt 00:01:11]} Qg6 {[%clk 01:18:19]} {[%emt
00:00:28]} 11. Bxf6 {[%clk 01:07:53]} {[%emt 00:00:41]} gxf6 {[%clk 01:17:50]}
{[%emt 00:01:00]} 12. Nd5 {[%clk 01:07:43]} {[%emt 00:00:41]} Rf7 {[%clk
01:17:36]} {[%emt 00:00:44]} 13. b4 {[%clk 01:03:40]} {[%emt 00:04:32]} Be6
{[%clk 01:16:12]} {[%emt 00:01:53]} 14. b5 {[%clk 01:03:41]} {[%emt 00:00:31]}
Nd8 {[%clk 01:16:34]} {[%emt 00:00:07]} 15. Nb4 {[%clk 00:59:26]} {[%emt
00:04:45]} Rg7 {[%clk 01:16:44]} {[%emt 00:00:20]} 16. Kh1 {[%clk 00:52:18]}
{[%emt 00:07:38]} Rb8 {[%clk 01:16:23]} {[%emt 00:00:52]} 17. Qe2 {[%clk
00:49:05]} {[%emt 00:03:43]} Nf7 {[%clk 01:16:21]} {[%emt 00:00:32]} 18. f4
{[%clk 00:47:14]} {[%emt 00:02:20]} e4 {[%clk 01:16:10]} {[%emt 00:00:42]} 19.
Qc2 {[%clk 00:40:56]} {[%emt 00:06:47]} exd3 {[%clk 01:15:16]} {[%emt
00:01:24]} 20. Qxd3 {[%clk 00:41:09]} {[%emt 00:00:18]} Kh8 {[%clk 01:15:19]}
{[%emt 00:00:28]} 21. e4 {[%clk 00:35:57]} {[%emt 00:05:41]} h5 {[%clk
01:15:28]} {[%emt 00:00:20]} 22. Rg1 {[%clk 00:35:24]} {[%emt 00:01:02]} Rbg8
{[%clk 01:15:31]} {[%emt 00:00:29]} 23. Nd5 {[%clk 00:33:08]} {[%emt 00:02:46]}
Bxd5 {[%clk 01:14:45]} {[%emt 00:01:16]} 24. Qxd5 {[%clk 00:32:36]} {[%emt
00:01:01]} Nh6 {[%clk 01:14:41]} {[%emt 00:00:34]} 25. exf5 {[%clk 00:32:10]}
{[%emt 00:00:56]} Ng4 {[%clk 01:13:01]} {[%emt 00:02:10]} 26. Qd2 {[%clk
00:28:05]} {[%emt 00:04:35]} Qxf5 {[%clk 01:13:02]} {[%emt 00:00:30]} 27. Bd5
{[%clk 00:26:05]} {[%emt 00:02:30]} Re8 {[%clk 01:12:35]} {[%emt 00:00:57]} 28.
Rae1 {[%clk 00:24:42]} {[%emt 00:01:53]} Rge7 {[%clk 01:12:38]} {[%emt
00:00:27]} 29. Rxe7 {[%clk 00:22:05]} {[%emt 00:03:07]} Rxe7 {[%clk 01:13:01]}
{[%emt 00:00:07]} 30. Re1 {[%clk 00:20:49]} {[%emt 00:01:44]} Qc2 {[%clk
01:11:19]} {[%emt 00:02:13]} 31. Rd1 {[%clk 00:12:27]} {[%emt 00:08:52]} Qxd1+
{[%clk 01:11:19]} {[%emt 00:00:30]} 32. Qxd1 {[%clk 00:12:44]} {[%emt
00:00:13]} Nf2+ {[%clk 01:11:43]} {[%emt 00:00:06]} 33. Kg2 {[%clk 00:12:31]}
{[%emt 00:00:44]} Nxd1 {[%clk 01:12:07]} {[%emt 00:00:06]} 34. Bxb7 {[%clk
00:12:23]} {[%emt 00:00:38]} Ne3+ {[%clk 01:12:25]} {[%emt 00:00:11]} 35. Kf3
{[%clk 00:12:43]} {[%emt 00:00:11]} Nxc4 {[%clk 01:12:50]} {[%emt 00:00:05]}
36. a4 {[%clk 00:12:21]} {[%emt 00:00:52]} Kg7 {[%clk 01:12:37]} {[%emt
00:00:42]} 37. g4 {[%clk 00:11:23]} {[%emt 00:01:28]} Re3+ {[%clk 01:12:57]}
{[%emt 00:00:10]} 38. Kf2 {[%clk 00:11:47]} {[%emt 00:00:06]} hxg4 {[%clk
01:13:18]} {[%emt 00:00:08]} 39. Bd5 {[%clk 00:12:08]} {[%emt 00:00:10]} Rc3
{[%clk 01:13:40]} {[%emt 00:00:08]} 40. Ke2 {[%clk 00:11:04]} {[%emt 00:01:35]}
Nb6 {[%clk 01:13:57]} {[%emt 00:00:13]} 41. Be6 {[%clk 00:11:19]} {[%emt
00:00:14]} Nxa4 {[%clk 01:14:05]} {[%emt 00:00:23]} 42. Bxg4 {[%clk 00:11:42]}
{[%emt 00:00:07]} Nc5 {[%clk 01:14:20]} {[%emt 00:00:15]} 43. h4 {[%clk
00:12:01]} {[%emt 00:00:10]} Rb3 {[%emt 00:01:05]} 0-1

[Event "DEM U10 2023"]
[Site "Willingen GER"]
[Date "2023.05.29"]
[Round "4"]
[White "Hoppe, Arthur"]
[Black "Becker, Linus"]
[Result "1-0"]
[Termination "normal"]
[Board "9"]
[WhiteElo "1430"]
[BlackElo "1445"]
[WhiteClock "00:35:38"]
[BlackClock "00:38:51"]
[PlyCount "57"]
[WhiteFideId "34618910"]
[BlackFideId "34614958"]
[EventCountry "GER"]
[EventRounds "11"]
[EventType "swiss"]
[EventDate "2023.05.27"]

1. d4 {[%clk 01:15:57]} {[%emt 00:00:03]} d5 {[%clk 01:15:54]} {[%emt
00:00:05]} 2. c4 {[%clk 01:16:25]} {[%emt 00:00:04]} e6 {[%clk 01:16:20]}
{[%emt 00:00:04]} 3. Nf3 {[%clk 01:16:50]} {[%emt 00:00:04]} Nf6 {[%clk
01:16:16]} {[%emt 00:00:33]} 4. e3 {[%clk 01:17:14]} {[%emt 00:00:07]} Be7
{[%clk 01:16:36]} {[%emt 00:00:10]} 5. Bd3 {[%clk 01:17:36]} {[%emt 00:00:09]}
O-O {[%clk 01:16:49]} {[%emt 00:00:14]} 6. O-O {[%clk 01:18:02]} {[%emt
00:00:06]} c6 {[%clk 01:16:47]} {[%emt 00:00:32]} 7. b3 {[%clk 01:18:27]}
{[%emt 00:00:06]} Re8 {[%clk 01:17:05]} {[%emt 00:00:11]} 8. Bb2 {[%clk
01:18:52]} {[%emt 00:00:05]} Qc7 {[%clk 01:16:38]} {[%emt 00:00:57]} 9. Nbd2
{[%clk 01:17:09]} {[%emt 00:02:13]} Bd7 {[%clk 01:14:34]} {[%emt 00:02:35]} 10.
Qc2 {[%clk 01:15:57]} {[%emt 00:01:41]} Na6 {[%clk 01:13:20]} {[%emt 00:01:44]}
11. a3 {[%clk 01:14:25]} {[%emt 00:02:02]} Rac8 {[%clk 01:13:16]} {[%emt
00:00:34]} 12. Rac1 {[%clk 01:13:17]} {[%emt 00:01:38]} c5 {[%clk 01:09:51]}
{[%emt 00:03:56]} 13. cxd5 {[%clk 01:12:00]} {[%emt 00:01:46]} exd5 {[%clk
01:08:31]} {[%emt 00:01:50]} 14. Bxa6 {[%clk 01:12:12]} {[%emt 00:00:18]} bxa6
{[%clk 01:08:38]} {[%emt 00:00:23]} 15. dxc5 {[%clk 01:10:29]} {[%emt
00:02:13]} Qxc5 {[%clk 01:06:26]} {[%emt 00:02:42]} 16. Qb1 {[%clk 01:09:39]}
{[%emt 00:01:21]} Qb6 {[%clk 01:04:04]} {[%emt 00:02:51]} 17. Nd4 {[%clk
00:58:17]} {[%emt 00:11:53]} Ne4 {[%clk 00:51:56]} {[%emt 00:12:37]} 18. Nxe4
{[%clk 00:55:01]} {[%emt 00:03:47]} dxe4 {[%clk 00:52:14]} {[%emt 00:00:12]}
19. Rxc8 {[%clk 00:55:09]} {[%emt 00:00:22]} Rxc8 {[%clk 00:49:52]} {[%emt
00:02:51]} 20. Qxe4 {[%clk 00:48:24]} {[%emt 00:07:15]} Bf6 {[%clk 00:49:42]}
{[%emt 00:00:39]} 21. Rc1 {[%clk 00:41:04]} {[%emt 00:07:51]} Rxc1+ {[%clk
00:48:08]} {[%emt 00:02:04]} 22. Bxc1 {[%clk 00:40:42]} {[%emt 00:00:52]} h6
{[%clk 00:47:38]} {[%emt 00:01:00]} 23. Bb2 {[%clk 00:37:44]} {[%emt 00:03:29]}
Be6 {[%clk 00:39:35]} {[%emt 00:08:31]} 24. Nxe6 {[%clk 00:33:36]} {[%emt
00:04:39]} Qxb3 {[%clk 00:38:53]} {[%emt 00:01:11]} 25. Qa8+ {[%clk 00:33:55]}
{[%emt 00:00:12]} Kh7 {[%clk 00:38:55]} {[%emt 00:00:28]} 26. Nf8+ {[%clk
00:34:19]} {[%emt 00:00:05]} Kg8 {[%clk 00:38:44]} {[%emt 00:00:41]} 27. Nd7+
{[%clk 00:34:43]} {[%emt 00:00:07]} Kh7 {[%clk 00:38:50]} {[%emt 00:00:23]} 28.
Nxf6+ {[%clk 00:35:10]} {[%emt 00:00:03]} gxf6 {[%clk 00:38:51]} {[%emt
00:00:29]} 29. Qe4+ {[%clk 00:35:38]} {[%emt 00:00:03]} 1-0

[Event "DEM U10 2023"]
[Site "Willingen GER"]
[Date "2023.05.29"]
[Round "4"]
[White "Heins, Simon"]
[Black "Wettstein, Levin"]
[Result "1-0"]
[Termination "normal"]
[Board "10"]
[WhiteElo "1592"]
[BlackElo "1416"]
[WhiteClock "01:28:31"]
[BlackClock "01:04:18"]
[PlyCount "111"]
[WhiteFideId "34660194"]
[BlackFideId "34635866"]
[EventCountry "GER"]
[EventRounds "11"]
[EventType "swiss"]
[EventDate "2023.05.27"]

1. e4 {[%clk 01:15:57]} {[%emt 00:00:03]} e5 {[%clk 01:15:55]} {[%emt
00:00:05]} 2. Nf3 {[%clk 01:16:22]} {[%emt 00:00:05]} Nc6 {[%clk 01:16:19]}
{[%emt 00:00:06]} 3. Bc4 {[%clk 01:16:44]} {[%emt 00:00:08]} Bc5 {[%clk
01:16:43]} {[%emt 00:00:06]} 4. c3 {[%clk 01:17:09]} {[%emt 00:00:05]} Nf6
{[%clk 01:17:00]} {[%emt 00:00:13]} 5. d4 {[%clk 01:17:33]} {[%emt 00:00:06]}
exd4 {[%clk 01:17:09]} {[%emt 00:00:20]} 6. e5 {[%clk 01:17:57]} {[%emt
00:00:06]} d5 {[%clk 01:16:08]} {[%emt 00:01:32]} 7. Bb5 {[%clk 01:18:20]}
{[%emt 00:00:06]} Nd7 {[%clk 01:16:15]} {[%emt 00:00:23]} 8. cxd4 {[%clk
01:18:24]} {[%emt 00:00:26]} Bb4+ {[%clk 01:16:04]} {[%emt 00:00:42]} 9. Bd2
{[%clk 01:18:40]} {[%emt 00:00:13]} Bxd2+ {[%clk 01:15:53]} {[%emt 00:00:41]}
10. Qxd2 {[%clk 01:19:08]} {[%emt 00:00:02]} a6 {[%clk 01:14:53]} {[%emt
00:01:31]} 11. Bxc6 {[%clk 01:18:36]} {[%emt 00:01:01]} bxc6 {[%clk 01:15:14]}
{[%emt 00:00:09]} 12. O-O {[%clk 01:18:56]} {[%emt 00:00:10]} Nb6 {[%clk
01:15:04]} {[%emt 00:00:41]} 13. b3 {[%clk 01:18:46]} {[%emt 00:00:40]} O-O
{[%clk 01:13:34]} {[%emt 00:02:00]} 14. Nc3 {[%clk 01:18:55]} {[%emt 00:00:20]}
Bg4 {[%clk 01:12:56]} {[%emt 00:01:08]} 15. Qf4 {[%clk 01:18:32]} {[%emt
00:00:53]} Bxf3 {[%clk 01:11:39]} {[%emt 00:01:46]} 16. Qxf3 {[%clk 01:18:06]}
{[%emt 00:00:57]} Qd7 {[%clk 01:10:19]} {[%emt 00:01:50]} 17. Rfe1 {[%clk
01:17:44]} {[%emt 00:00:52]} Qe7 {[%clk 01:08:32]} {[%emt 00:02:17]} 18. Rac1
{[%clk 01:17:51]} {[%emt 00:00:23]} Rfe8 {[%clk 01:03:20]} {[%emt 00:05:42]}
19. Ne2 {[%clk 01:17:54]} {[%emt 00:00:27]} Qb4 {[%clk 01:01:49]} {[%emt
00:02:02]} 20. Qc3 {[%clk 01:17:37]} {[%emt 00:00:47]} Qxc3 {[%clk 01:01:42]}
{[%emt 00:00:36]} 21. Rxc3 {[%clk 01:18:05]} {[%emt 00:00:02]} Re6 {[%clk
01:01:41]} {[%emt 00:00:31]} 22. Nf4 {[%clk 01:18:18]} {[%emt 00:00:16]} Rh6
{[%clk 01:01:10]} {[%emt 00:01:02]} 23. Rec1 {[%clk 01:18:42]} {[%emt
00:00:07]} Re8 {[%clk 00:59:45]} {[%emt 00:01:55]} 24. Rxc6 {[%clk 01:18:59]}
{[%emt 00:00:12]} Rxc6 {[%clk 00:59:59]} {[%emt 00:00:16]} 25. Rxc6 {[%clk
01:19:27]} {[%emt 00:00:02]} f6 {[%clk 01:00:13]} {[%emt 00:00:17]} 26. e6
{[%clk 01:19:44]} {[%emt 00:00:13]} Re7 {[%clk 00:59:47]} {[%emt 00:00:56]} 27.
a4 {[%clk 01:19:50]} {[%emt 00:00:23]} a5 {[%clk 00:59:29]} {[%emt 00:00:49]}
28. g4 {[%clk 01:20:07]} {[%emt 00:00:12]} g6 {[%clk 00:59:25]} {[%emt
00:00:35]} 29. Rc5 {[%clk 01:20:13]} {[%emt 00:00:23]} g5 {[%clk 00:59:04]}
{[%emt 00:00:51]} 30. Nxd5 {[%clk 01:20:07]} {[%emt 00:00:36]} Nxd5 {[%clk
00:59:17]} {[%emt 00:00:17]} 31. Rxd5 {[%clk 01:20:28]} {[%emt 00:00:08]} Rxe6
{[%clk 00:59:40]} {[%emt 00:00:08]} 32. Rxa5 {[%clk 01:20:51]} {[%emt
00:00:07]} Rb6 {[%clk 00:59:56]} {[%emt 00:00:14]} 33. Rc5 {[%clk 01:20:53]}
{[%emt 00:00:28]} Rxb3 {[%clk 01:00:06]} {[%emt 00:00:21]} 34. Rxc7 {[%clk
01:21:19]} {[%emt 00:00:03]} Rb4 {[%clk 01:00:27]} {[%emt 00:00:10]} 35. a5
{[%clk 01:21:02]} {[%emt 00:00:47]} Rb8 {[%clk 00:59:17]} {[%emt 00:01:40]} 36.
a6 {[%clk 01:21:25]} {[%emt 00:00:07]} f5 {[%clk 00:58:55]} {[%emt 00:00:51]}
37. a7 {[%clk 01:21:44]} {[%emt 00:00:12]} Ra8 {[%clk 00:58:01]} {[%emt
00:01:24]} 38. Rb7 {[%clk 01:22:05]} {[%emt 00:00:08]} Rxa7 {[%clk 00:58:19]}
{[%emt 00:00:12]} 39. Rxa7 {[%clk 01:22:29]} {[%emt 00:00:06]} fxg4 {[%clk
00:58:39]} {[%emt 00:00:10]} 40. Kg2 {[%clk 01:22:47]} {[%emt 00:00:12]} h5
{[%clk 00:59:00]} {[%emt 00:00:09]} 41. d5 {[%clk 01:23:11]} {[%emt 00:00:07]}
Kf8 {[%clk 00:59:24]} {[%emt 00:00:06]} 42. d6 {[%clk 01:23:31]} {[%emt
00:00:10]} Ke8 {[%clk 00:59:48]} {[%emt 00:00:05]} 43. Rh7 {[%clk 01:23:50]}
{[%emt 00:00:11]} h4 {[%clk 01:00:12]} {[%emt 00:00:06]} 44. Rg7 {[%clk
01:24:14]} {[%emt 00:00:06]} g3 {[%clk 01:00:24]} {[%emt 00:00:19]} 45. fxg3
{[%clk 01:24:37]} {[%emt 00:00:06]} hxg3 {[%clk 01:00:49]} {[%emt 00:00:05]}
46. Kxg3 {[%clk 01:25:01]} {[%emt 00:00:07]} Kd8 {[%clk 01:01:11]} {[%emt
00:00:08]} 47. Kg4 {[%clk 01:25:24]} {[%emt 00:00:06]} Ke8 {[%clk 01:01:37]}
{[%emt 00:00:04]} 48. Kf5 {[%clk 01:25:49]} {[%emt 00:00:05]} Kd8 {[%clk
01:01:50]} {[%emt 00:00:17]} 49. Ke6 {[%clk 01:26:14]} {[%emt 00:00:05]} Kc8
{[%clk 01:02:03]} {[%emt 00:00:17]} 50. d7+ {[%clk 01:26:38]} {[%emt 00:00:07]}
Kd8 {[%clk 01:02:26]} {[%emt 00:00:07]} 51. Rg8+ {[%clk 01:27:02]} {[%emt
00:00:06]} Kc7 {[%clk 01:02:51]} {[%emt 00:00:05]} 52. d8=Q+ {[%clk 01:27:24]}
{[%emt 00:00:08]} Kc6 {[%clk 01:03:12]} {[%emt 00:00:09]} 53. Rxg5 {[%clk
01:27:44]} {[%emt 00:00:08]} Kb7 {[%clk 01:03:34]} {[%emt 00:00:09]} 54. Rb5+
{[%clk 01:28:08]} {[%emt 00:00:06]} Ka7 {[%clk 01:03:52]} {[%emt 00:00:13]} 55.
Qb8+ {[%clk 01:28:31]} {[%emt 00:00:06]} Ka6 {[%clk 01:04:18]} {[%emt
00:00:05]} 56. Qb6# {[%emt 00:00:06]} 1-0

[Event "DEM U10 2023"]
[Site "Willingen GER"]
[Date "2023.05.29"]
[Round "4"]
[White "Burban, Bogdan"]
[Black "Aguike, Toshiya"]
[Result "0-1"]
[Termination "normal"]
[Board "11"]
[WhiteElo "1300"]
[BlackElo "1490"]
[WhiteClock "00:15:52"]
[BlackClock "00:32:41"]
[PlyCount "98"]
[WhiteFideId "34609040"]
[BlackFideId "34611347"]
[EventCountry "GER"]
[EventRounds "11"]
[EventType "swiss"]
[EventDate "2023.05.27"]

1. d4 {[%clk 01:15:55]} {[%emt 00:00:04]} Nf6 {[%clk 01:15:48]} {[%emt
00:00:13]} 2. c4 {[%clk 01:16:18]} {[%emt 00:00:08]} d6 {[%clk 01:16:12]}
{[%emt 00:00:06]} 3. Nc3 {[%clk 01:16:35]} {[%emt 00:00:13]} g6 {[%clk
01:16:30]} {[%emt 00:00:11]} 4. e4 {[%clk 01:16:43]} {[%emt 00:00:22]} Bg7
{[%clk 01:16:53]} {[%emt 00:00:07]} 5. Be2 {[%clk 01:17:05]} {[%emt 00:00:08]}
O-O {[%clk 01:16:53]} {[%emt 00:00:31]} 6. Be3 {[%clk 01:17:26]} {[%emt
00:00:08]} Nbd7 {[%clk 01:17:14]} {[%emt 00:00:09]} 7. g4 {[%clk 01:17:08]}
{[%emt 00:00:48]} e5 {[%clk 01:17:06]} {[%emt 00:00:38]} 8. d5 {[%clk
01:17:17]} {[%emt 00:00:21]} Nc5 {[%clk 01:17:04]} {[%emt 00:00:32]} 9. f3
{[%clk 01:17:02]} {[%emt 00:00:45]} a5 {[%clk 01:15:00]} {[%emt 00:02:35]} 10.
h4 {[%clk 01:17:01]} {[%emt 00:00:30]} h5 {[%clk 01:15:11]} {[%emt 00:00:19]}
11. g5 {[%clk 01:17:05]} {[%emt 00:00:26]} Nfd7 {[%clk 01:12:32]} {[%emt
00:03:08]} 12. Qc2 {[%clk 01:15:23]} {[%emt 00:02:12]} Na6 {[%clk 01:09:11]}
{[%emt 00:03:53]} 13. O-O-O {[%clk 01:14:13]} {[%emt 00:01:39]} Nb4 {[%clk
01:07:53]} {[%emt 00:01:48]} 14. Qb3 {[%clk 01:11:34]} {[%emt 00:03:09]} b6
{[%clk 01:07:12]} {[%emt 00:01:12]} 15. Nb5 {[%clk 01:07:04]} {[%emt 00:04:59]}
Nc5 {[%clk 01:07:01]} {[%emt 00:00:41]} 16. Qa3 {[%clk 01:04:15]} {[%emt
00:03:18]} Bd7 {[%clk 01:04:23]} {[%emt 00:03:09]} 17. Bd2 {[%clk 00:59:18]}
{[%emt 00:05:27]} Qb8 {[%clk 00:58:07]} {[%emt 00:06:46]} 18. Kb1 {[%clk
00:56:14]} {[%emt 00:03:34]} Nba6 {[%clk 00:57:46]} {[%emt 00:00:51]} 19. Nh3
{[%clk 00:54:53]} {[%emt 00:01:50]} Rd8 {[%clk 00:54:11]} {[%emt 00:04:06]} 20.
Nf2 {[%clk 00:53:41]} {[%emt 00:01:41]} Qc8 {[%clk 00:50:43]} {[%emt 00:03:57]}
21. Rc1 {[%clk 00:47:43]} {[%emt 00:06:29]} Qb7 {[%clk 00:47:58]} {[%emt
00:03:16]} 22. Nd1 {[%clk 00:40:41]} {[%emt 00:07:31]} c6 {[%clk 00:45:58]}
{[%emt 00:02:31]} 23. Nbc3 {[%clk 00:36:40]} {[%emt 00:04:30]} b5 {[%clk
00:40:21]} {[%emt 00:06:07]} 24. dxc6 {[%clk 00:35:38]} {[%emt 00:01:33]} Bxc6
{[%clk 00:36:32]} {[%emt 00:04:19]} 25. cxb5 {[%clk 00:34:59]} {[%emt
00:01:09]} Bxe4+ {[%clk 00:35:58]} {[%emt 00:01:04]} 26. fxe4 {[%clk 00:33:23]}
{[%emt 00:02:06]} Nxe4 {[%clk 00:36:16]} {[%emt 00:00:12]} 27. Ne3 {[%clk
00:30:00]} {[%emt 00:03:52]} Nxd2+ {[%clk 00:33:42]} {[%emt 00:03:05]} 28. Ka1
{[%clk 00:28:34]} {[%emt 00:01:56]} Nc5 {[%clk 00:33:11]} {[%emt 00:01:01]} 29.
Ned5 {[%clk 00:27:08]} {[%emt 00:01:55]} a4 {[%clk 00:33:12]} {[%emt 00:00:29]}
30. Rhd1 {[%clk 00:24:53]} {[%emt 00:02:45]} Ndb3+ {[%clk 00:33:13]} {[%emt
00:00:29]} 31. axb3 {[%clk 00:23:26]} {[%emt 00:01:57]} axb3 {[%clk 00:33:28]}
{[%emt 00:00:15]} 32. Kb1 {[%clk 00:22:03]} {[%emt 00:01:53]} Rxa3 {[%clk
00:33:50]} {[%emt 00:00:08]} 33. bxa3 {[%clk 00:22:27]} {[%emt 00:00:07]} Ra8
{[%clk 00:34:02]} {[%emt 00:00:17]} 34. Kb2 {[%clk 00:22:03]} {[%emt 00:00:55]}
e4 {[%clk 00:33:47]} {[%emt 00:00:45]} 35. Bc4 {[%clk 00:21:12]} {[%emt
00:01:21]} Qa7 {[%clk 00:33:43]} {[%emt 00:00:33]} 36. Ra1 {[%clk 00:21:24]}
{[%emt 00:00:19]} e3 {[%clk 00:33:48]} {[%emt 00:00:25]} 37. Re1 {[%clk
00:21:12]} {[%emt 00:00:42]} Qa5 {[%clk 00:33:21]} {[%emt 00:00:57]} 38. Rxe3
{[%clk 00:20:42]} {[%emt 00:01:00]} Kf8 {[%clk 00:32:15]} {[%emt 00:01:35]} 39.
Bxb3 {[%clk 00:19:36]} {[%emt 00:01:36]} Qxb5 {[%clk 00:30:39]} {[%emt
00:02:06]} 40. Nb4 {[%clk 00:19:31]} {[%emt 00:00:35]} Bd4 {[%clk 00:30:26]}
{[%emt 00:00:43]} 41. Ree1 {[%clk 00:18:41]} {[%emt 00:01:21]} Nd3+ {[%clk
00:30:38]} {[%emt 00:00:18]} 42. Nxd3 {[%clk 00:18:55]} {[%emt 00:00:16]} Qxd3
{[%clk 00:30:56]} {[%emt 00:00:10]} 43. Rac1 {[%clk 00:17:59]} {[%emt
00:01:28]} Qd2+ {[%clk 00:30:55]} {[%emt 00:00:30]} 44. Kb1 {[%clk 00:17:45]}
{[%emt 00:00:45]} Bxc3 {[%clk 00:31:13]} {[%emt 00:00:11]} 45. Rxc3 {[%clk
00:17:14]} {[%emt 00:01:02]} Qxc3 {[%clk 00:31:35]} {[%emt 00:00:07]} 46. Rf1
{[%clk 00:15:34]} {[%emt 00:02:11]} Qxb3+ {[%clk 00:31:54]} {[%emt 00:00:10]}
47. Kc1 {[%clk 00:15:56]} {[%emt 00:00:09]} Rc8+ {[%clk 00:32:20]} {[%emt
00:00:04]} 48. Kd2 {[%clk 00:16:16]} {[%emt 00:00:10]} Rc2+ {[%clk 00:32:41]}
{[%emt 00:00:07]} 49. Ke1 {[%clk 00:15:52]} {[%emt 00:00:55]} Qb1# {[%emt
00:00:06]} 0-1